Budúcnosť slovenskej potravinovej základne a schopnosť uspokojovať primárne potreby svojich občanov

Zaostávanie poľnohospodárstva ako odvetvia národného hospodárstva. Spoločná poľnohospodárska politika. Finančné prostriedky plynúce do poľnohospodárstva. Primárny problém slovenského poľnohospodárstva. Ceny mlieka a jatočných ošípaných. Portfólio výroby v poľnohospodárstve.

Saved in:
Bibliographic Details
Main Author: Obedová, Martina
Format: Book Chapter
Language:Slovak
Subjects:
Tags: Add Tag
No Tags, Be the first to tag this record!

MARC

LEADER 00000naa$a2200000$$$4500
001 0084314
005 20240502071942.0
041 0 |a slo 
044 |a SK 
245 1 0 |a Budúcnosť slovenskej potravinovej základne a schopnosť uspokojovať primárne potreby svojich občanov  |c Martina Obedová 
520 |a Zaostávanie poľnohospodárstva ako odvetvia národného hospodárstva. Spoločná poľnohospodárska politika. Finančné prostriedky plynúce do poľnohospodárstva. Primárny problém slovenského poľnohospodárstva. Ceny mlieka a jatočných ošípaných. Portfólio výroby v poľnohospodárstve. 
610 2 0 |a poľnohospodárstvo 
610 2 0 |a potraviny 
610 2 0 |a obyvateľstvo 
610 2 0 |a financovanie 
100 1 |a Obedová, Martina